Outsourcing
Outsourcing v bankovom sektore. Charakteristika outsourcingu. Metodické usmernenie Národnej banky pre obozretné využívanie outsourcingu. Zmluvný vzťah medzi bankou a poskytovateľom služieb. Bankové tajomstvo a ochrana osobných údajov pri využívaní služieb outsourcingu bankou. Bankový dohľad Národnej...
Guardado en:
| Autor principal: | |
|---|---|
| Formato: | Capítulo de libro |
| Lenguaje: | eslovaco |
| Materias: | |
| Etiquetas: |
Sin Etiquetas, Sea el primero en etiquetar este registro!
|
MARC
| LEADER | 00000nla$a2200000$$$4500 | ||
|---|---|---|---|
| 001 | 0055936 | ||
| 005 | 20240502071633.3 | ||
| 041 | 0 | |a slo | |
| 044 | |a SK | ||
| 245 | 1 | 0 | |a Outsourcing |c Dana Tkáčová |
| 520 | |a Outsourcing v bankovom sektore. Charakteristika outsourcingu. Metodické usmernenie Národnej banky pre obozretné využívanie outsourcingu. Zmluvný vzťah medzi bankou a poskytovateľom služieb. Bankové tajomstvo a ochrana osobných údajov pri využívaní služieb outsourcingu bankou. Bankový dohľad Národnej banky Slovenska a outsourcing. Outsourcing v bankovej praxi a tendencie jeho vývoja. | ||
| 610 | 2 | 0 | |a bankovníctvo |
| 610 | 2 | 0 | |a banky |
| 610 | 2 | 0 | |a outsourcing |
| 610 | 2 | 0 | |a vzťahy zmluvné |
| 610 | 2 | 0 | |a pohľadávky |
| 610 | 2 | 0 | |a vymáhanie pohľadávok |
| 610 | 2 | 0 | |a úver |
| 610 | 2 | 0 | |a riziko |
| 610 | 2 | 0 | |a dohľad bankový |
| 100 | 1 | |a Tkáčová, Daniela, 1954- | |